000 00644nam a22002297a 4500
003 UA-OsUOA
001 127007
007 ta
008 20171114b un ||||| |||| 00| 0 ukr d
090 _a82.09(082)
_bС48
942 _cBK
040 _aUA-OsUOA
_bukr
_cUA-OsUOA
_dUA-OsUOA
245 _aСлов'янські літератури
_bXIII Міжнародний конгрес славістів
300 _a322 с.
955 _a1
041 _aukr
080 _a82.09(082)
020 _a966-594-423-1
260 _aК.
_c2003
650 7 _a82 Література. Літературознавство
_2UDC
999 _c414136
_d414136